A levéltár szerepe a történelemoktatásban
Elmentve itt :
| Szerző: | |
|---|---|
| Dokumentumtípus: | Cikk |
| Megjelent: |
1997
|
| Sorozat: | Iskolakultúra
7 No. 10 |
| Online Access: | http://misc.bibl.u-szeged.hu/40979 |
| LEADER | 00561nab a2200169 i 4500 | ||
|---|---|---|---|
| 001 | misc40979 | ||
| 005 | 20191106141027.0 | ||
| 008 | 180709s1997 hu o 0|| zxx d | ||
| 022 | |a 1215-5233 | ||
| 040 | |a SZTE Miscellanea Repozitórium |b hun | ||
| 041 | |a zxx | ||
| 100 | 1 | |a Toma Katalin | |
| 245 | 1 | 2 | |a A levéltár szerepe a történelemoktatásban |h [elektronikus dokumentum] / |c Toma Katalin |
| 260 | |c 1997 | ||
| 300 | |a 96-99 | ||
| 490 | 0 | |a Iskolakultúra |v 7 No. 10 | |
| 856 | 4 | 0 | |u http://misc.bibl.u-szeged.hu/40979/1/17_EPA00011_iskolakultura_1997-10.pdf |z Dokumentum-elérés |